Biodiversidad marina: valoración, usos y perspectivas. ¿Hacia dónde va Chile?
Saved in:
| Hovedforfatter: | |
|---|---|
| Format: | Bog |
| Sprog: | spansk |
| Udgivet: |
Santiago, Chile
Universitaria
2005
|
| Fag: | |
| Tags: |
Tilføj Tag
Ingen Tags, Vær først til at tagge denne postø!
|
MARC
| LEADER | 00000nam a2200000 a 4500 | ||
|---|---|---|---|
| 001 | UCI4660 | ||
| 003 | CL-VaPUC | ||
| 005 | 20240122112141.0 | ||
| 008 | 080125e20050000CL |||||||||||||||||spa|d | ||
| 999 | |c 328555 |d 328553 | ||
| 020 | |a 9561117827 | ||
| 040 | |c Pontificia Universidad Católica de Valparaíso | ||
| 082 | 0 | 4 | |a 578.77 FIG 2005 |2 21 |
| 100 | 0 | |a Figueroa B., Eugenio |9 526656 | |
| 245 | 1 | 0 | |a Biodiversidad marina: valoración, usos y perspectivas. ¿Hacia dónde va Chile? |
| 260 | 0 | 3 | |a Santiago, Chile |b Universitaria |c 2005 |
| 300 | |a 585 páginas | ||
| 583 | |a last modification |c 20080125 00:00:00 |k Rodrigo Vera | ||
| 650 | 0 | |a Biología marina |9 259965 | |
| 650 | 7 | |a MEDIO AMBIENTE MARINO |2 CL-VaPUC |9 526657 | |
| 650 | 0 | |a Ecosistemas marinos |9 343701 | |
| 650 | 0 | |a Biodiversidad |9 385995 | |
| 650 | 0 | |a Plancton |9 261727 | |
| 650 | 0 | |a Fitoplancton |9 261810 | |
| 650 | 0 | |a Plantas marinas |9 345217 | |
| 650 | 0 | |a Animales marinos |9 367995 | |
| 650 | 7 | |a FAUNA |2 CL-VaPUC |9 349523 | |
| 650 | 0 | |a Vida marina |9 358177 | |
| 942 | |c BK |2 ddc | ||
| 945 | |d 20080125 00:00:00 |a jtorresc | ||
| 952 | |0 0 |1 0 |2 ddc |4 0 |6 578_770000000000000_FIG_2005 |7 0 |8 A |9 412513 |a BIBCUR |b BIBCUR |d 2019-11-22 |i 4405560 |o 578.77 FIG 2005 |p 4405560 |r 2025-04-22 |t 1 |w 2019-11-22 |y BK |k BIO | ||